| 000 | 00404nam a22001457a 4500 | ||
|---|---|---|---|
| 020 | _a9789698296285 | ||
| 082 |
_a658.3 _bKAM |
||
| 100 | _aKamal, Raza | ||
| 245 |
_aTextbook of Human Resource Management in Industries of Pakistan / _cRaza Kamal |
||
| 250 | _a2nd Edition. | ||
| 260 |
_aLahore : _bIbrahim Publishers, _c2020. |
||
| 300 |
_a288 p. ; _c24 cm. |
||
| 563 | _aPBK. | ||
| 942 |
_2ddc _cBK |
||
| 999 |
_c594257 _d594257 |
||